| 000 | 01006nas a2200313 4500 | ||
|---|---|---|---|
| 001 | BR0603248 | ||
| 003 | BR-BrBNA | ||
| 005 | 20231205110154.0 | ||
| 007 | ta | ||
| 008 | 230509b bl.|||p| |||| 00| 00por d | ||
| 040 |
_aBR-BrBNA _bpor _cBiblioteca Nacional de Agricultura |
||
| 041 | _a(Pt) | ||
| 072 | _aF02 | ||
| 100 | 1 | _aMachado, M.P. | |
| 100 | 1 | _aMayer, J.L.S. | |
| 100 | 1 | _aRitter, M. | |
| 100 | 1 | _aBiasi, L.A. | |
| 245 | 1 | _aÁcido indolbutírico no enraizamento de estacas semilenhosas do porta-enxerto de videira 'VR043-43' (Vitis vinifera x Vitis rotundifolia) | |
| 650 | _aUVA | ||
| 650 | _aVITIS VINIFERA | ||
| 650 | _aPROPAGAÇÃO VEGETATIVA | ||
| 650 | _aENRAIZAMENTO DE ESTACA | ||
| 650 | _aPORTA ENXERTO | ||
| 650 | _aÁCIDO INDOLBUTÍRICO | ||
| 650 | _aREGULADOR DE CRESCIMENTO | ||
| 773 | 0 |
_tRevista Brasileira de Fruticultura (Brazil) _xISSN 0100-2945 _g(Dec 2005), v. 27(3) p. 476-479 _wBR0603248 |
|
| 909 |
_a202311 _bLúcia _c55 _dLúcia Elande |
||
| 942 |
_2AGRIS _n0 _cANA |
||
| 999 |
_c186418 _d186418 |
||